000 00473nam a2200205Ia 4500
003 OSt
005 20220924134010.0
006 a|||||r|||| 00| 0
007 ta
008 220923b |||||||| |||| 00| 0 snd d
024 _a271584
037 _cTextual
040 _aARTS
_cARTS
_bsnd
041 _2snd
_asnd
082 _aO111,3x, 1593J2
245 0 _aToofan
260 _c1952
942 _hO111,3x, 1593J2
_cTEXL
_2CC
999 _c436023
_d436023